000 00763nam a2200277Ia 4500
003 OSt
005 20221005051020.0
006 a|||||r|||| 00| 0
007 ta
008 221004b |||||||| |||| 00| 0 eng d
020 _a087287379X; 0872873986
024 _a30901
037 _cTextual
040 _aCRL
_cCRL
_beng
041 _2eng
_aeng
082 _a20aY, M4
100 _aRogers A Robert
_944054
245 0 _aLibrary in society
260 _aLittleton
_bLibraries Untimited USA
_c1984
300 _a285p.
_ccm.
490 _aLibrary Sciencetext series
650 _aLIBRARY SCIENCE
700 _a McChesney Kathryn
_9595599
942 _h20aY, M4
_cTEXL
_2cc
999 _c958168
_d958168